Kstalcenie ekonomistów dla gospodarki turystycznej materialy z 1. Miedzyuczelnianej Konferencji Jelenia Góra, 5-7 kwietnia 1979

Uložené v:
Podrobná bibliografia
Médium: Kniha
Jazyk:Polish
Vydavateľské údaje: Wroclaw Akademia Ekonomiczna im. Oskara Langego 1981
Edícia:Prace naukowe
Tagy: Pridať tag
Žiadne tagy, Buďte prvý, kto otaguje tento záznam!

MARC

LEADER 00000nam a2200000 4500
001 c142293
005 20240419080902.5
041 0 |a pol 
044 |a PL 
245 1 0 |a Kstalcenie ekonomistów dla gospodarki turystycznej  |b materialy z 1. Miedzyuczelnianej Konferencji Jelenia Góra, 5-7 kwietnia 1979 
264 1 |a Wroclaw  |b Akademia Ekonomiczna im. Oskara Langego  |c 1981 
300 |a 176 s. 
490 1 |a Prace naukowe 
830 0 |a Prace naukowe